[Event "European Blitz 2022"]
[Site "Katowice POL"]
[Date "2022.12.16"]
[Round "7.80"]
[White "Kirk, Ezra"]
[Black "Sliwicki, Damian"]
[Result "1-0"]
[WhiteTitle "IM"]
[BlackTitle "CM"]
[WhiteElo "2432"]
[BlackElo "2158"]
[WhiteFideId "600067"]
[BlackFideId "1127128"]
[EventDate "2022.12.16"]

1. e4 c5 2. Nf3 g6 3. c3 Bg7 4. d4 cxd4 5. cxd4 d5 6. e5 a6 7. Nbd2 Nc6 8. Be2
f6 9. exf6 Nxf6 10. O-O O-O 11. Re1 Kh8 12. Nf1 Ne4 13. Ng3 Qb6 14. Be3 Nxg3 15.
hxg3 Qxb2 16. Bf1 Bf5 17. a4 Qb6 18. Bd3 Bg4 19. Rb1 Qa7 20. Be2 Rad8 21. Ng5
Bc8 22. Bg4 Bxd4 23. Bxc8 Bxe3 24. Rxe3 Rxc8 25. Qxd5 Rf5 26. Qe6 Rcf8 27. Nh3
R8f7 28. Nf4 Qb8 29. Qxc6 e5 30. Qc3 Kg8 31. Nh3 Qd6 32. Rbe1 Re7 33. f3 Qb6 34.
Kh2 Rc7 35. Qd3 Re7 36. g4 Qc7 37. Re4 Rff7 38. Qc4 Kg7 39. Qxc7 Rxc7 40. Ng5
Rfe7 41. Rxe5 Rxe5 42. Rxe5 Kf6 43. f4 Rc4 44. Ne4+ Kg7 45. g5 Rxa4 46. Kg3 b5
47. Kf3 b4 48. Re7+ Kg8 49. Rb7 a5 50. Nf6+ Kf8 51. Nxh7+ Ke8 52. Nf6+ Kf8 53.
f5 Ra3+ 54. Kf4 b3 55. fxg6 Ra4+ 56. Kf3 Rb4 57. g7# 1-0

[Event "European Blitz 2022"]
[Site "Katowice POL"]
[Date "2022.12.16"]
[Round "7.81"]
[White "Niezhentsev, Kyrylo"]
[Black "Larkin, Vladyslav"]
[Result "0-1"]
[BlackTitle "IM"]
[WhiteElo "2052"]
[BlackElo "2452"]
[WhiteFideId "34126660"]
[BlackFideId "14152894"]
[EventDate "2022.12.16"]

1. e4 c5 2. Nf3 e6 3. g3 Nc6 4. Bg2 Nf6 5. Qe2 d6 6. O-O Bd7 7. c3 Be7 8. Rd1
Rc8 9. d4 cxd4 10. cxd4 d5 11. e5 Ne4 12. Nbd2 Nxd2 13. Bxd2 Qb6 14. Bc3 Na5 15.
Rac1 O-O 16. Bf1 Nc4 17. b3 Na3 18. Qe1 Bb5 19. Ba5 Qa6 20. Bb4 Bxb4 21. Qxb4
Bxf1 22. Rxf1 b6 23. Qd2 Qa5 24. Qg5 h6 25. Qg4 Rc3 26. Qf4 Rfc8 27. g4 Qb4 28.
g5 Rxc1 29. Rxc1 Rxc1+ 30. Qxc1 Kh7 31. gxh6 gxh6 32. Qf4 Qe7 33. Qd2 a5 34.
Qd3+ Kg7 35. Nd2 Qg5+ 36. Kh1 Qg6 37. Qxg6+ Kxg6 38. Kg2 Nc2 39. Nf3 Kf5 40. Kf1
Ke4 41. Nd2+ Kxd4 42. Nf3+ Ke4 43. Kg2 Nd4 44. Nd2+ Kxe5 45. Kg3 Kf6 46. Kf4 e5+
47. Ke3 Nc2+ 48. Kf3 Nb4 49. a3 Nd3 50. Ke3 Nc5 51. Kf3 Kf5 52. h3 d4 53. b4 e4+
54. Kg3 axb4 55. axb4 Na6 56. b5 Nc7 57. Nc4 Nxb5 58. Nxb6 Nd6 59. Nd5 Ke5 60.
Nb4 d3 61. Nc6+ Kd5 62. Nb4+ Kc4 63. Na2 d2 0-1

[Event "European Blitz 2022"]
[Site "Katowice POL"]
[Date "2022.12.16"]
[Round "7.82"]
[White "Sop, Selen"]
[Black "Plaskan, Jure"]
[Result "0-1"]
[WhiteTitle "WFM"]
[WhiteElo "1950"]
[BlackElo "2241"]
[WhiteFideId "6300278"]
[BlackFideId "14605252"]
[EventDate "2022.12.16"]

1. e4 c5 2. Nf3 e6 3. d4 cxd4 4. Nxd4 a6 5. c4 Nf6 6. Nc3 Qc7 7. Be3 Bb4 8. Qc2
b6 9. f3 Bb7 10. Bd3 Nc6 11. O-O Ne5 12. Nce2 O-O 13. Rac1 Nxd3 14. Qxd3 Be7 15.
Rfd1 d6 16. Kh1 Nd7 17. Bg1 Rac8 18. b3 Qb8 19. Qe3 h6 20. Ng3 Ne5 21. f4 Ng6
22. f5 exf5 23. Ndxf5 Bg5 24. Qd4 Ne5 25. Qxd6 Bxc1 26. Ne7+ Kh8 27. Nxc8 Rxc8
28. Qxb8 Rxb8 29. Rxc1 Bc6 30. Bd4 Ng6 31. Nh5 f6 32. Rf1 Bxe4 33. h3 Re8 34.
Kh2 b5 35. c5 Bc6 36. b4 Kh7 37. Bxf6 Re2 38. Nf4 Nxf4 39. Rxf4 Rxg2+ 0-1

[Event "European Blitz 2022"]
[Site "Katowice POL"]
[Date "2022.12.16"]
[Round "7.84"]
[White "Gaponenko, Inna"]
[Black "Ribeiro, Gustavo"]
[Result "1-0"]
[WhiteTitle "IM"]
[WhiteElo "2341"]
[BlackElo "1836"]
[WhiteFideId "14101181"]
[BlackFideId "1941852"]
[EventDate "2022.12.16"]

1. e4 c5 2. Nf3 Nc6 3. c3 d5 4. exd5 Qxd5 5. d4 Bg4 6. Be2 cxd4 7. cxd4 e6 8. h3
Bh5 9. Nc3 Bb4 10. O-O Bxc3 11. bxc3 Nf6 12. Qb3 Qd7 13. Ba3 Ne4 14. Rfd1 Qc7
15. d5 exd5 16. Rxd5 Nf6 17. Rd3 Nd7 18. Re3+ Kd8 19. Rd1 Kc8 20. Qd5 Bg6 21.
Nd4 Nf6 22. Qb3 Nxd4 23. Rxd4 Kb8 24. Bd6 1-0

[Event "European Blitz 2022"]
[Site "Katowice POL"]
[Date "2022.12.16"]
[Round "7.86"]
[White "Cyfka, Karina"]
[Black "Budzisz, Adrian"]
[Result "0-1"]
[WhiteTitle "IM"]
[WhiteElo "2348"]
[BlackElo "2118"]
[WhiteFideId "1122681"]
[BlackFideId "21860238"]
[EventDate "2022.12.16"]

1. d4 d5 2. c4 c6 3. Nf3 Nf6 4. e3 Bf5 5. Nc3 e6 6. Qb3 Qb6 7. Nh4 Be4 8. f3
Qxb3 9. axb3 Bc2 10. e4 dxe4 11. Kd2 Bxb3 12. fxe4 Bb4 13. Bd3 e5 14. d5 Nbd7
15. Rf1 Nb6 16. Nf5 O-O 17. Ne3 Rfd8 18. Ke2 a5 19. Bd2 Nfd7 20. Rf3 Nc5 21.
Raf1 Rd7 22. Rg3 Kh8 23. h4 a4 24. Nb1 Bxd2 25. Nxd2 Rad8 26. h5 h6 27. Nf5 Rg8
28. Nf3 Nxd3 29. Kxd3 Bxc4+ 30. Kc3 Bxf1 31. Nxe5 cxd5 32. Nxd7 Nxd7 33. exd5
Nf6 34. Kb4 Nxd5+ 35. Kxa4 Nf6 36. Nd6 Rf8 37. Nxb7 Rb8 38. Nd6 Rxb2 39. Nxf7+
Kh7 40. Ne5 Rxg2 41. Rf3 Rg5 42. Ng6 Be2 43. Re3 Bxh5 44. Nf8+ Kg8 45. Ne6 Rg4+
46. Ka5 Bf7 47. Nd8 h5 48. Re7 Bd5 49. Re5 h4 0-1

[Event "European Blitz 2022"]
[Site "Katowice POL"]
[Date "2022.12.16"]
[Round "7.87"]
[White "Dragicevic, Drazen"]
[Black "Golek-Schild, Jagoda"]
[Result "1-0"]
[WhiteTitle "FM"]
[WhiteElo "2345"]
[BlackElo "1986"]
[WhiteFideId "1707922"]
[BlackFideId "1138529"]
[EventDate "2022.12.16"]

1. Nf3 d5 2. g3 Nf6 3. Bg2 g6 4. O-O Bg7 5. d4 O-O 6. Ne5 c6 7. c4 Nbd7 8. Nc3
e6 9. Nxd7 Bxd7 10. b3 Re8 11. Bf4 Bc8 12. Be5 Nd7 13. Bxg7 Kxg7 14. e4 dxc4 15.
bxc4 e5 16. d5 Nc5 17. f4 f6 18. Qf3 Qd6 19. Rad1 exf4 20. gxf4 h5 21. Rde1 Bg4
22. Qe3 Nd7 23. h3 cxd5 24. cxd5 Bf5 25. Qd4 Be6 26. e5 fxe5 27. fxe5 Qc5 28.
Qxc5 Nxc5 29. dxe6 Nxe6 30. Bxb7 Rab8 31. Bd5 Nc5 32. Rf7+ Kh6 33. e6 Nd3 34.
Re3 Nb4 35. Bb3 Rbd8 36. e7 Rc8 37. Ne4 Rc1+ 38. Kg2 Nc2 39. Re2 Nd4 40. Rd2 Nf5
41. Rd7 Ne3+ 42. Kf3 Nf5 43. Nf6 Rec8 44. Kf4 Rf1+ 45. Ke5 Re1+ 46. Ne4 Rc5+ 47.
Kf4 Rf1+ 48. Nf2 Rxf2+ 49. Ke4 Re2+ 50. Kd3 Re3+ 51. Kd2 Rxe7 52. Rfxe7 Nxe7 53.
Rxe7 Rf5 54. Rxa7 Rf3 55. h4 Rf4 56. Ra4 Rf2+ 57. Ke3 Rh2 58. Kf3 Rh3+ 59. Kg2
Re3 60. Ra6 Re4 61. Kg3 Rg4+ 62. Kh3 Rf4 63. Bc2 Rg4 64. a4 1-0

[Event "European Blitz 2022"]
[Site "Katowice POL"]
[Date "2022.12.16"]
[Round "7.88"]
[White "Drazic, Sinisa"]
[Black "Putlak, Wojciech"]
[Result "1-0"]
[WhiteTitle "GM"]
[WhiteElo "2372"]
[BlackElo "1992"]
[WhiteFideId "901172"]
[BlackFideId "1183303"]
[EventDate "2022.12.16"]

1. d4 Nf6 2. Bg5 d5 3. Nd2 Bf5 4. e3 e6 5. Ngf3 Be7 6. Be2 Ne4 7. Bxe7 Qxe7 8.
O-O Nxd2 9. Qxd2 O-O 10. c4 c6 11. b4 Nd7 12. Rfc1 h6 13. h3 Nf6 14. Qb2 Ne4 15.
b5 a6 16. a4 axb5 17. axb5 Rfc8 18. c5 Qe8 19. Rxa8 Rxa8 20. Ra1 Rxa1+ 21. Qxa1
Qb8 22. Qa5 Nf6 23. Ne5 cxb5 24. Bxb5 Bc2 25. Qb6 Qa8 26. Qc7 Bg6 27. Kh2 Ne4
28. f3 Nf6 29. Qb6 Qa3 30. Nxg6 fxg6 31. Qxe6+ Kh7 32. Be8 Qd3 33. Bf7 Qb3 34.
Qe5 Qd3 35. Bxd5 Nxd5 36. Qxd5 Qxe3 37. Qe4 Qb3 38. d5 Qc3 39. c6 bxc6 40. dxc6
Qc5 41. h4 h5 42. Kh3 Qc1 43. Kg3 Qc5 44. Qe6 Qc1 45. Kf2 Qd2+ 46. Kg3 Qc3 47.
Qd6 Qe1+ 48. Kh3 Qh1+ 49. Qh2 Qe1 50. Qd6 Qh1+ 51. Kg3 Qe1+ 52. Kf4 Qxh4+ 53.
Ke5 Qg3+ 54. Kd5 Qxg2 55. Qf4 Qa2+ 56. Kd6 Qa3+ 57. Kd7 Qd3+ 58. Kc8 Qa6+ 59.
Kd7 Qd3+ 60. Kc7 Qd5 61. Qe4 Qf7+ 62. Kd8 Qf6+ 63. Kd7 Qf7+ 64. Kd6 Qf6+ 65. Kc7
Qf7+ 66. Kb8 Qf8+ 67. Kb7 Qf7+ 68. c7 Qb3+ 69. Kc6 Qc3+ 70. Kd6 Qf6+ 71. Kd7
Qf7+ 72. Kc6 Qf6+ 73. Kb7 Qb2+ 74. Kc8 Qf6 75. Qd5 h4 76. Kb7 Qb2+ 77. Kc6 Qc3+
78. Qc5 Qxf3+ 79. Kb6 Qb3+ 80. Ka7 Qa4+ 81. Kb7 Qb3+ 82. Qb6 Qd5+ 83. Ka7 Qd7
84. Kb8 h3 85. c8=Q Qd3 86. Qcc7 Qe2 87. Qb3 Qe8+ 88. Ka7 Qe4 89. Qxh3+ Kg8 90.
Qcc8+ Kf7 91. Qcd7+ Kf6 92. Qd6+ Kf7 93. Qb3+ 1-0

[Event "European Blitz 2022"]
[Site "Katowice POL"]
[Date "2022.12.16"]
[Round "7.89"]
[White "Kopaczewski, Adam"]
[Black "Seemann, Jakub"]
[Result "0-1"]
[BlackTitle "FM"]
[WhiteElo "2096"]
[BlackElo "2365"]
[WhiteFideId "1187309"]
[BlackFideId "21874697"]
[EventDate "2022.12.16"]

1. e4 e6 2. d4 d5 3. Bd3 c5 4. c3 Nc6 5. Ne2 cxd4 6. cxd4 Nb4 7. e5 Nxd3+ 8.
Qxd3 Bd7 9. Nbc3 Ne7 10. O-O Nf5 11. Ng3 Nxg3 12. fxg3 Be7 13. Qf3 O-O 14. Qg4
Kh8 15. Qh5 f5 16. Be3 Rc8 17. Rf2 b5 18. a3 a5 19. Raf1 b4 20. axb4 axb4 21.
Ne2 Bb5 22. g4 fxg4 23. Rxf8+ Bxf8 24. Qxg4 Qd7 25. Qh5 Be7 26. h3 Qe8 27. Qg4
Qg6 28. Qxg6 hxg6 29. Nf4 Bxf1 30. Nxg6+ Kh7 31. Nxe7 Rc7 32. Nxd5 exd5 33. Kxf1
Kg6 34. Bd2 b3 35. Bc3 Rxc3 0-1

[Event "European Blitz 2022"]
[Site "Katowice POL"]
[Date "2022.12.16"]
[Round "7.90"]
[White "Orzech, Dominik"]
[Black "Sokolowski, Ryszard"]
[Result "1-0"]
[WhiteTitle "IM"]
[WhiteElo "2313"]
[BlackElo "2020"]
[WhiteFideId "1115065"]
[BlackFideId "1103156"]
[EventDate "2022.12.16"]

1. d4 Nf6 2. Nf3 e6 3. c4 Bb4+ 4. Bd2 a5 5. Qc2 O-O 6. Nc3 d5 7. cxd5 exd5 8. a3
Be7 9. Bg5 c6 10. e3 Be6 11. Bd3 h6 12. Bf4 Nbd7 13. h3 b5 14. O-O Rc8 15. Rfc1
Nb6 16. b3 Bd6 17. Ne5 Ne8 18. Re1 Be7 19. Ne2 c5 20. Bxb5 cxd4 21. Qd2 dxe3 22.
Bxe3 Na8 23. Nd4 Nd6 24. Ba4 Ne4 25. Qb2 Qd6 26. Bf4 Qb6 27. Be3 Qb8 28. Nec6
Qc7 29. Rac1 Bf6 30. f3 Ng3 31. Qf2 Nh5 32. Nxe6 fxe6 33. Na7 Qb8 34. Nxc8 Rxc8
35. Rxc8+ Qxc8 36. Rc1 Qb8 37. Qc2 Qg3 38. Qc8+ Kh7 39. Bf2 Qg5 40. h4 Qd2 41.
Qc2+ 1-0

[Event "European Blitz 2022"]
[Site "Katowice POL"]
[Date "2022.12.16"]
[Round "7.91"]
[White "Kutowski, Marcel"]
[Black "Walter, Szymon"]
[Result "0-1"]
[BlackTitle "FM"]
[WhiteElo "2046"]
[BlackElo "2327"]
[WhiteFideId "21878285"]
[BlackFideId "1172590"]
[EventDate "2022.12.16"]

1. e4 c5 2. Nf3 a6 3. Nc3 e6 4. g3 Nc6 5. Bg2 d6 6. O-O Nf6 7. d4 cxd4 8. Nxd4
Qc7 9. h3 Be7 10. Nb3 O-O 11. Be3 b5 12. a3 Bb7 13. Qe2 Rac8 14. f4 Nd7 15. Kh2
Nc5 16. Nxc5 dxc5 17. Rad1 Rfd8 18. e5 Nd4 19. Qf2 Bxg2 20. Qxg2 Rd7 21. Ne4
Rcd8 22. Bg1 h6 23. c3 Nb3 24. Qe2 c4 25. Rxd7 Rxd7 26. Rd1 Qc6 27. Rxd7 Qxd7
28. g4 Qd5 29. Ng3 Nc1 30. Qe4 Qd1 0-1

[Event "European Blitz 2022"]
[Site "Katowice POL"]
[Date "2022.12.16"]
[Round "7.92"]
[White "Baum, Jonasz"]
[Black "Kanli, Kaan"]
[Result "1-0"]
[WhiteTitle "IM"]
[WhiteElo "2420"]
[BlackElo "2006"]
[WhiteFideId "1195360"]
[BlackFideId "6309836"]
[EventDate "2022.12.16"]

1. d4 Nf6 2. c4 e6 3. Nc3 Bb4 4. g3 O-O 5. Bg2 d5 6. Nf3 dxc4 7. O-O c5 8. dxc5
Bxc5 9. Ne5 Bd4 10. Nxc4 Nc6 11. Nb5 Bb6 12. a4 a6 13. Nxb6 Qxb6 14. Be3 Qa5 15.
Nd4 Nd5 16. Nxc6 bxc6 17. Bd2 Qb6 18. e4 Nb4 19. a5 Qb5 20. Bc3 c5 21. Qg4 e5
22. Qh5 f6 23. Rfd1 Be6 24. f4 Nc2 25. fxe5 Nxa1 26. Rxa1 Bf7 27. Qg4 Rfe8 28.
exf6 1-0

[Event "European Blitz 2022"]
[Site "Katowice POL"]
[Date "2022.12.16"]
[Round "7.93"]
[White "Zgadzaj, Rafal"]
[Black "Saraci, Korab"]
[Result "0-1"]
[WhiteElo "2059"]
[BlackElo "2192"]
[WhiteFideId "1113712"]
[BlackFideId "4701968"]
[EventDate "2022.12.16"]

1. Nf3 g6 2. d4 Bg7 3. b3 Nf6 4. Bb2 d6 5. g3 Nc6 6. Bg2 O-O 7. O-O e5 8. dxe5
Nd7 9. c4 Ndxe5 10. Nc3 Bg4 11. h3 Nxf3+ 12. exf3 Be6 13. Qd2 Nd4 14. f4 Bxh3
15. Nd5 Bxg2 16. Kxg2 c5 17. Bxd4 cxd4 18. f5 b5 19. Qf4 Be5 20. Qf3 Qg5 21. f6
bxc4 22. bxc4 h5 23. Rab1 Rae8 24. Rb7 Re6 25. Re7 Bxf6 26. Rxa7 Be5 27. a4 h4
28. a5 hxg3 29. fxg3 f5 30. Rh1 Bg7 31. Rb1 Rfe8 32. Rb2 d3 33. Rf2 d2 34. Ne3
Rxe3 35. Qd5+ R3e6 36. Rxd2 Qxd2+ 37. Qxd2 Re2+ 38. Qxe2 Rxe2+ 39. Kf3 Rc2 40.
a6 Rxc4 41. Rd7 Ra4 42. a7 Kh7 43. Rb7 Kh6 44. Rd7 Bd4 45. Rxd6 Bxa7 46. Rd8 Rg4
47. Rh8+ Kg7 48. Rc8 Bd4 49. Rc7+ Kf6 50. Rc6+ Kg5 51. Re6 Ba7 52. Re8 Bb6 53.
Re7 Bd8 54. Rd7 Bf6 55. Rd5 Rd4 56. Ra5 Rd3+ 57. Kg2 Kg4 58. Ra4+ Bd4 59. Ra6 g5
60. Ra2 Rxg3+ 61. Kh2 Rf3 62. Kh1 Rf1+ 63. Kh2 Rf2+ 64. Rxf2 Bxf2 0-1

[Event "European Blitz 2022"]
[Site "Katowice POL"]
[Date "2022.12.16"]
[Round "7.94"]
[White "Gradalski, Olaf"]
[Black "Paszewski, Mateusz"]
[Result "1-0"]
[BlackTitle "FM"]
[WhiteElo "2079"]
[BlackElo "2282"]
[WhiteFideId "21840580"]
[BlackFideId "1141058"]
[EventDate "2022.12.16"]

1. e4 c6 2. d4 d5 3. Nc3 dxe4 4. Nxe4 Nf6 5. Nxf6+ exf6 6. c3 Bd6 7. Bd3 O-O 8.
Qc2 Re8+ 9. Ne2 h5 10. O-O h4 11. h3 Nd7 12. Nf4 Qc7 13. Nh5 Nf8 14. Bh6 Ne6 15.
Bxg7 Nxg7 16. Nxf6+ Kf8 17. Nxe8 Nxe8 18. Rae1 Be6 19. Bf5 Ng7 20. Bxe6 fxe6 21.
Qh7 Kf7 22. f4 Qd7 23. Re5 Rf8 24. f5 exf5 25. Rfxf5+ 1-0

[Event "European Blitz 2022"]
[Site "Katowice POL"]
[Date "2022.12.16"]
[Round "7.95"]
[White "Kruckenhauser, Arthur"]
[Black "Jarocka, Liwia"]
[Result "0-1"]
[WhiteTitle "FM"]
[BlackTitle "FM"]
[WhiteElo "2339"]
[BlackElo "2143"]
[WhiteFideId "1642812"]
[BlackFideId "21807558"]
[EventDate "2022.12.16"]

1. e4 c5 2. Nf3 d6 3. Nc3 Nc6 4. d4 cxd4 5. Nxd4 Nf6 6. Bg5 e6 7. Qd2 a6 8. f4
h6 9. Bxf6 Qxf6 10. Nf3 Qd8 11. a3 Qc7 12. Bd3 Be7 13. O-O b5 14. Kh1 O-O 15.
Rae1 Bb7 16. Qf2 b4 17. axb4 Nxb4 18. Qd4 Nxd3 19. cxd3 Rfd8 20. Rc1 Qd7 21. Na4
Qb5 22. Nc3 Qd7 23. Qb6 Rac8 24. Ra1 Rc6 25. Qe3 Rdc8 26. d4 Rb6 27. Rf2 Bd8 28.
Raf1 Rb4 29. f5 exf5 30. exf5 Bf6 31. Ne4 Bxe4 32. Qxe4 d5 33. Qd3 Qb5 34. Qe3
Rxb2 35. Rxb2 Qxb2 36. Ne5 Qc3 37. Qf4 Re8 38. Nf3 Qe3 39. Qd6 Bxd4 40. Qxd5 Bf6
41. h3 Qb6 42. Qd3 Rd8 43. Qe4 Qd6 44. Qa4 Qd3 45. Re1 Qxf5 46. Re8+ Rxe8 47.
Qxe8+ Kh7 48. Qxf7 a5 49. Qb3 Qe4 50. Kg1 a4 51. Qa2 Qe3+ 52. Kf1 Qd3+ 53. Kf2
a3 54. g4 Bb2 55. g5 Qc2+ 56. Kg3 Qg6 57. h4 Qd6+ 58. Kh3 Qd7+ 59. Kg2 Qc6 60.
h5 hxg5 61. Qf7 Qf6 62. Qb7 g4 63. Qe4+ Kh8 64. Qxg4 a2 65. Qc8+ Kh7 66. Qc2+
Kh8 67. Qc8+ Kh7 68. Qc2+ g6 69. Qc7+ Qg7 70. hxg6+ Kxg6 71. Ne5+ Bxe5 72. Qc2+
Kf7+ 73. Kf3 0-1

[Event "European Blitz 2022"]
[Site "Katowice POL"]
[Date "2022.12.16"]
[Round "7.96"]
[White "Berend, Elvira"]
[Black "Van Hoolandt, Patrick"]
[Result "1/2-1/2"]
[WhiteTitle "WGM"]
[BlackTitle "FM"]
[WhiteElo "2318"]
[BlackElo "2010"]
[WhiteFideId "4000510"]
[BlackFideId "200999"]
[EventDate "2022.12.16"]

1. e4 e5 2. Nf3 Nc6 3. Bc4 Bc5 4. O-O d6 5. c3 Qf6 6. d4 exd4 7. cxd4 Bb6 8. e5
dxe5 9. dxe5 Qd8 10. Qb3 Be6 11. Bxe6 fxe6 12. Qxe6+ Qe7 13. Qxe7+ Ngxe7 14. Nc3
O-O 15. Re1 Nb4 16. Re2 Rad8 17. Bg5 Rfe8 18. a3 Nbc6 19. Kf1 Rd3 20. Rd1 Rxd1+
21. Nxd1 Ng6 22. e6 h6 23. Bd2 Re7 24. Nc3 Nf8 25. Bf4 Rxe6 26. Nd5 Rxe2 27.
Kxe2 Ne6 28. Be3 Kf7 29. b4 a5 30. b5 Ncd4+ 31. Nxd4 Bxd4 32. Kd3 Bb2 33. a4 Ba3
34. Bd2 c6 35. bxc6 bxc6 36. Ne3 Nc5+ 37. Kc4 Ne4 38. Bxa5 Ke6 1/2-1/2

[Event "European Blitz 2022"]
[Site "Katowice POL"]
[Date "2022.12.16"]
[Round "7.97"]
[White "Goraj, Barbara"]
[Black "Gvetadze, Sofio"]
[Result "0-1"]
[WhiteTitle "WCM"]
[BlackTitle "IM"]
[WhiteElo "2130"]
[BlackElo "2298"]
[WhiteFideId "21816166"]
[BlackFideId "13601440"]
[EventDate "2022.12.16"]

1. e4 c5 2. Nf3 g6 3. d4 cxd4 4. Nxd4 Bg7 5. c4 Nc6 6. Be3 Nf6 7. Nc3 O-O 8. Be2
d6 9. O-O Bd7 10. Qd2 Nxd4 11. Bxd4 Bc6 12. f3 a5 13. Rab1 Nd7 14. Be3 Be5 15.
b3 e6 16. g3 Qe7 17. Nd1 Nc5 18. Nf2 f5 19. exf5 gxf5 20. f4 Bg7 21. Rfd1 Rfd8
22. a3 Rac8 23. Qxa5 e5 24. Qd2 exf4 25. Bxf4 Ne4 26. Qe3 Qf7 27. Nxe4 Bxe4 28.
Bd3 d5 29. cxd5 Bxd5 30. Bf1 Kh8 31. Rd2 Re8 32. Qf2 Bxb3 33. Bg2 b5 34. Rdd1
Bxd1 35. Rxd1 Rcd8 36. Rb1 Qc4 37. Bf1 Qc3 38. Kh1 Bd4 39. Qa2 Qc6+ 40. Bg2 Qc4
41. Qxc4 bxc4 42. a4 c3 43. a5 c2 44. Rc1 Rc8 45. a6 Bb2 46. Bb7 Bxc1 47. Bxc1
Re1+ 48. Kg2 Rxc1 49. a7 Ra1 0-1

[Event "European Blitz 2022"]
[Site "Katowice POL"]
[Date "2022.12.16"]
[Round "7.98"]
[White "Bettazzi, Daniele"]
[Black "Muter, Donny"]
[Result "0-1"]
[WhiteElo "2003"]
[BlackElo "2206"]
[WhiteFideId "886815"]
[BlackFideId "409170"]
[EventDate "2022.12.16"]

1. b3 Nf6 2. Bb2 g6 3. Nf3 Bg7 4. g3 O-O 5. Bg2 a5 6. a4 d6 7. d4 c6 8. O-O Qc7
9. c4 Na6 10. Na3 Re8 11. Re1 e5 12. dxe5 dxe5 13. Qd2 Nc5 14. Qd1 Bf5 15. Nd2
Rad8 16. Qc1 Rxd2 17. Qxd2 Nxb3 18. Qc3 Nxa1 19. Rxa1 Nd7 20. e4 Be6 21. Nc2 Nc5
22. Ne3 Rd8 23. Qc2 h5 24. Rd1 Rxd1+ 25. Qxd1 Qd7 26. Qxd7 Bxd7 27. Bc3 b6 28.
h3 Nxa4 29. Bd2 Be6 30. f4 Nb2 31. fxe5 Bxe5 32. Kf2 a4 33. Bb4 c5 34. Ba3 Nxc4 0-1

[Event "European Blitz 2022"]
[Site "Katowice POL"]
[Date "2022.12.16"]
[Round "7.99"]
[White "Zerebiec, Maurycy"]
[Black "Garcia Martin, Marta"]
[Result "1-0"]
[BlackTitle "IM"]
[WhiteElo "1917"]
[BlackElo "2301"]
[WhiteFideId "21816026"]
[BlackFideId "32084030"]
[EventDate "2022.12.16"]

1. c4 e6 2. e4 c5 3. Nc3 Nc6 4. g3 Nge7 5. Bg2 Nd4 6. Nge2 Nec6 7. O-O g6 8. d3
Bg7 9. Be3 O-O 10. Rb1 d6 11. a3 a5 12. b4 Nxe2+ 13. Nxe2 axb4 14. axb4 Nxb4 15.
d4 Qc7 16. e5 dxe5 17. dxe5 Nc6 18. Qd6 Qa5 19. Rb5 Qa2 20. Nc3 Qxc4 21. Rc1 1-0

[Event "European Blitz 2022"]
[Site "Katowice POL"]
[Date "2022.12.16"]
[Round "7.100"]
[White "Zawadzka, Jolanta"]
[Black "Zhuk, Ivan"]
[Result "0-1"]
[WhiteTitle "WGM"]
[WhiteElo "2386"]
[BlackElo "2035"]
[WhiteFideId "1122320"]
[BlackFideId "13508342"]
[EventDate "2022.12.16"]

1. e4 c5 2. Nf3 d6 3. Bb5+ Bd7 4. c4 Bxb5 5. cxb5 Nf6 6. Nc3 g6 7. O-O Bg7 8. d4
cxd4 9. Nxd4 O-O 10. Be3 Nbd7 11. f3 Nb6 12. Qe2 Rc8 13. Rfc1 Nh5 14. a4 Nc4 15.
Nc6 bxc6 16. Qxc4 cxb5 17. Qxb5 Rb8 18. Qe2 Qa5 19. Kh1 Rb3 20. Nd5 Rxb2 21.
Nxe7+ Kh8 22. Qc4 Qe5 23. Nc6 Qf6 24. Bd4 Qh4 25. Bxb2 Bxb2 26. Rab1 Bxc1 27.
Qd4+ Kg8 28. Rxc1 Ng3+ 29. Kg1 Ne2+ 0-1

[Event "European Blitz 2022"]
[Site "Katowice POL"]
[Date "2022.12.16"]
[Round "8.1"]
[White "Stefansson, Hannes"]
[Black "Svane, Rasmus"]
[Result "1/2-1/2"]
[WhiteTitle "GM"]
[BlackTitle "GM"]
[WhiteElo "2526"]
[BlackElo "2622"]
[WhiteFideId "2300087"]
[BlackFideId "4657101"]
[EventDate "2022.12.16"]

1. e4 c6 2. d4 d5 3. Nc3 dxe4 4. Nxe4 Nf6 5. Nxf6+ exf6 6. Be3 Na6 7. c3 Bd6 8.
Bd3 Nc7 9. Qc2 Be6 10. Ne2 Qd7 11. Nf4 Bxf4 12. Bxf4 Nd5 13. Bd2 h6 14. O-O O-O
15. Rfe1 Rad8 16. a4 Rfe8 17. a5 a6 18. Be4 Ne7 19. h3 Bf5 20. Qd3 Bxe4 21. Rxe4
Nf5 22. Rae1 Nd6 23. Rxe8+ Rxe8 24. Rxe8+ Qxe8 25. c4 Qe6 26. b3 f5 27. Be3 Qe4
28. Qxe4 fxe4 29. g4 g5 30. d5 cxd5 31. cxd5 Ne8 32. Bd4 Kf8 33. Bc5+ Kg8 34. d6
Nf6 35. Bd4 Nd7 36. Kg2 f6 37. f3 exf3+ 38. Kxf3 Kf7 39. Ke4 Ke6 40. b4 Nf8 41.
Bc5 Nd7 42. Bd4 Nb8 43. Bc3 Nd7 44. Bd4 Nb8 1/2-1/2

[Event "European Blitz 2022"]
[Site "Katowice POL"]
[Date "2022.12.16"]
[Round "8.2"]
[White "Deac, Bogdan-Daniel"]
[Black "Sebenik, Matej"]
[Result "1-0"]
[WhiteTitle "GM"]
[BlackTitle "GM"]
[WhiteElo "2700"]
[BlackElo "2538"]
[WhiteFideId "1226380"]
[BlackFideId "14602296"]
[EventDate "2022.12.16"]

1. Nf3 d5 2. e3 c5 3. b3 Nf6 4. Bb2 e6 5. c4 Nc6 6. cxd5 exd5 7. Bb5 Bd6 8. O-O
O-O 9. Bxc6 bxc6 10. d3 Bf5 11. Nc3 h6 12. Rc1 Rb8 13. Na4 Qe7 14. Bxf6 Qxf6 15.
Nxc5 Qb2 16. Nd4 Bc8 17. Na4 Qa3 18. Nxc6 Rb7 19. Nd4 Bd7 20. Nc3 Qa5 21. Nce2
Qxa2 22. Ra1 Qb2 23. Qb1 Qxb1 24. Rfxb1 Rfb8 25. Ra5 Be6 26. Rba1 Be5 27. Rxa7
Rxa7 28. Rxa7 Rc8 29. f4 Bd6 30. f5 1-0

[Event "European Blitz 2022"]
[Site "Katowice POL"]
[Date "2022.12.16"]
[Round "8.3"]
[White "Santos Latasa, Jaime"]
[Black "Blohberger, Felix"]
[Result "1-0"]
[WhiteTitle "GM"]
[BlackTitle "GM"]
[WhiteElo "2668"]
[BlackElo "2490"]
[WhiteFideId "2293307"]
[BlackFideId "1632051"]
[EventDate "2022.12.16"]

1. Nf3 d5 2. e3 Nf6 3. c4 c6 4. d4 Bf5 5. Nc3 e6 6. Nh4 Be4 7. f3 Bg6 8. Bd2
Nbd7 9. cxd5 Nxd5 10. Nxg6 hxg6 11. e4 Nxc3 12. bxc3 Bd6 13. f4 g5 14. e5 Be7
15. Be2 gxf4 16. Bxf4 Bg5 17. O-O Bxf4 18. Rxf4 Qg5 19. Rf3 O-O-O 20. Qb3 Qd2
21. Rb1 Nb6 22. Bf1 Rd7 23. a4 Nd5 24. a5 Ne3 25. a6 b6 26. Rf2 Nxf1 27. Rxd2
Nxd2 28. Qa4 b5 29. Qc2 Nxb1 30. Qxb1 Kc7 31. Qb4 Rb8 32. h4 Rb6 33. h5 Rxa6 34.
Qf8 Rb6 35. Qxg7 Rb8 36. h6 f5 37. exf6 1-0